Modelación hidrológica e hidráulica para el control de inundaciones en la Cuenca del Río Quebrada Seca
Saved in:
| Main Author: | |
|---|---|
| Format: | Book |
| Published: |
San José, C.R.
1999
|
| Subjects: | |
| Tags: |
Add Tag
No Tags, Be the first to tag this record!
|
MARC
| LEADER | 00000nam a2200000Ia 4500 | ||
|---|---|---|---|
| 003 | 010196 | ||
| 005 | 20221231144212.0 | ||
| 008 | 140114s1999 cr a m 000 ||s d | ||
| 040 | |c cru CEDI | ||
| 090 | |a TFG 4068 | ||
| 100 | |a Calderón Vincenti, Pablo |9 8390 | ||
| 245 | |a Modelación hidrológica e hidráulica para el control de inundaciones en la Cuenca del Río Quebrada Seca | ||
| 260 | |c 1999 |a San José, C.R. | ||
| 300 | |a iv, 63, [10] hojas : ilustraciones (algunas a color). | ||
| 500 | |a Tesis (licenciatura en ingeniería agrícola)--Universidad de Costa Rica. Facultad de Ingeniería. Escuela de Ingeniería Agrícola | ||
| 650 | |x CUENCAS HIDROGRAFICAS - INVESTIGACIONES |x CAUCE DE LOS RIOS |x CANALES (INGENIERIA HIDRAULICA) |9 8391 | ||
| 942 | |c TFG | ||
| 999 | |c 18368 |d 18368 | ||
